Clock running down for funding regime (Record no. 76433)
[ view plain ]
| 000 -LEADER | |
|---|---|
| fixed length control field | 01088cab a2200181 4500 |
| 001 - CONTROL NUMBER | |
| control field | ##L132424 |
| 008 - FIXED-LENGTH DATA ELEMENTS--GENERAL INFORMATION | |
| fixed length control field | 060206n2006 000 0 eng u |
| 035 ## - SYSTEM CONTROL NUMBER | |
| System control number | (Sirsi) u132424 |
| 041 0# - LANGUAGE CODE | |
| Language code of text/sound track or separate title | eng |
| 100 1# - MAIN ENTRY--PERSONAL NAME | |
| Personal name | Blackman, David |
| 245 ## - TITLE STATEMENT | |
| Title | Clock running down for funding regime |
| 260 ## - PUBLICATION, DISTRIBUTION, ETC. | |
| Date of publication, distribution, etc. | 2006 |
| 490 #0 - SERIES STATEMENT | |
| Series statement | Planning (for the Natural and Built Environment) |
| Volume/sequential designation | (1653) 27 January 2006, 14-15(2) |
| 520 ## - SUMMARY, ETC. | |
| Summary, etc. | Discusses the potential impact on UK regeneration of the shake-up of EU regional funding at the end of 2006 when Objective 1, 2 and 3 structure funds will be scrapped and replaced by convergence and competitiveness funds. Reports that the UK government for long seeking to gain more control over regional aid funding has withdrawn its 2003 offer to make good the reduction in European regional spending from its own resources if it is given complete control over regional aid programmes, Reviews how regeneration groups are exploring alternative methods of securing scheme funding. |
| 590 ## - LOCAL NOTE (RLIN) | |
| Local note | IKA140206 |
| 690 ## - LOCAL SUBJECT ADDED ENTRY--TOPICAL TERM (OCLC, RLIN) | |
| Topical term or geographic name as entry element | PROPERTY-PROPERTY MANAGEMENT-REGENERATION |
| 942 ## - ADDED ENTRY ELEMENTS (KOHA) | |
| Suppress in OPAC | 0 |
| Withdrawn status | Lost status | Source of classification or shelving scheme | Damaged status | Not for loan | Home library | Current library | Shelving location | Date acquired | Total Checkouts | Full call number | Barcode | Date last seen | Copy number | Price effective from | Koha item type |
|---|---|---|---|---|---|---|---|---|---|---|---|---|---|---|---|
| Dewey Decimal Classification | London | London | Journal article | 06/02/2006 | L132424 | 132424-1001 | 06/08/2019 | 1 | 06/08/2019 | Journal article |